| 000 | 01055nam0a22002771 4500 | ||
|---|---|---|---|
| 001 | v19\rc\1801788 | ||
| 005 | 20250619122737.0 | ||
| 035 | _a(NLR Aleph) 004902745 | ||
| 090 |
_a5392656 _c5392656 |
||
| 100 | _a20071130d1907 |||y0rusy50 ca | ||
| 101 | 0 |
_arus _ager |
|
| 102 | _aRU | ||
| 105 | _ay j ||||| | ||
| 200 | 1 |
_aУчебник немецкого языка _eРуководство для сред. с.-х. уч-щ и самостоят. изуч. _fСост. Готфрид Воллерт, преп. Мариин. земледел. уч-ща |
|
| 210 |
_aСаратов _cПаровая типо-лит. Г.Х. Шельгорн и К° _d1907 |
||
| 215 |
_a[4], IV, 212, 35 с. _d24 |
||
| 300 | _aАвт. и загл. на рус. и нем. яз. | ||
| 700 | 1 |
_aВоллерт _bГ.Р. _gГотфрид Рейнгардович _4220 |
|
| 801 | 0 |
_aRU _bNLR _gpsbo |
|
| 801 | 0 |
_aRU _bRuMoRGB _2psbo |
|
| 801 | 1 |
_aRU _bProSoft-M _2rusmarc |
|
| 852 |
_aNLR _j38.50.6.45 |
||
| 899 |
_aRuMoRGB _jO 34/234 |
||
| 899 | _aБАН | ||
| 942 | _cBOOK | ||
| 980 | _aNB | ||